[Event "Prague Summer op 7th"]
[Site "Prague"]
[Date "2020.08.15"]
[Round "9"]
[White "Pozdnjakov, Viatcheslav"]
[Black "Plat, Vojtech"]
[Result "0-1"]
[WhiteElo "2300"]
[BlackElo "2566"]
[PlyCount "104"]
[EventDate "2020.08.08"]
[EventType "swiss"]
[EventRounds "9"]
[EventCountry "CZE"]
[SourceTitle "CBM 197 Extra"]
[Source "ChessBase"]
[SourceDate "2020.09.30"]
[SourceVersion "1"]
[SourceVersionDate "2020.09.30"]
[SourceQuality "1"]

1. d4 Nf6 2. Nf3 g6 3. c4 Bg7 4. Nc3 d5 5. Bf4 0-0 6. Rc1 dxc4 7. e4 c5 8. dxc5 Qa5 9. Nd2 Be6 10. Qa4 Qxc5 11. Bxc4 Bxc4 12. Qxc4 Qxc4 13. Nxc4 Nbd7 14. f3 Rac8 15. b3 a6 16. Bd2 b5 17. Ne3 e6 18. Ke2 Ne5 19. Nb1 Nc6 20. Bc3 b4 21. Bb2 Nh5 22. Bxg7 Nf4+ 23. Kf2 Kxg7 24. Rhd1 Ne5 25. Rc2 Nfd3+ 26. Kf1 Rxc2 27. Nxc2 Rc8 28. Rd2 a5 29. Ne3 Rc1+ 30. Rd1 Rxd1+ 31. Nxd1 Nc1 32. Nb2 Nxa2 33. Nd2 Nc1 34. f4 Nc6 35. Nbc4 Nd3 36. g3 Nc5 37. Kf2 a4 38. bxa4 Nxa4 39. Nb3 Nc3 40. Ke3 f6 41. Nca5 Nxa5 42. Nxa5 g5 43. f5 Kf7 44. Kd3 exf5 45. exf5 h5 46. Nc6 Nd5 47. Nd4 Ke7 48. Kc4 Kd6 49. h4 g4 50. Nb5+ Ke5 51. Nd4 Ke4 52. Kc5 Ne3 0-1

[Event "Prague Summer op 7th"]
[Site "Prague"]
[Date "2020.08.14"]
[Round "8"]
[White "Kasioumis, Vasilios"]
[Black "Pozdnjakov, Viatcheslav"]
[Result "0-1"]
[WhiteElo "2257"]
[BlackElo "2300"]
[PlyCount "90"]
[EventDate "2020.08.08"]
[EventType "swiss"]
[EventRounds "9"]
[EventCountry "CZE"]
[SourceTitle "CBM 197 Extra"]
[Source "ChessBase"]
[SourceDate "2020.09.30"]
[SourceVersion "1"]
[SourceVersionDate "2020.09.30"]
[SourceQuality "1"]

1. e4 e6 2. d4 d5 3. Nc3 Nf6 4. e5 Nfd7 5. f4 c5 6. Nf3 Nc6 7. Be3 cxd4 8. Nxd4 Qb6 9. Qd2 Qxb2 10. Rb1 Qa3 11. Bb5 Nxd4 12. Bxd4 a6 13. Bxd7+ Bxd7 14. Rb3 Qe7 15. Rxb7 Rc8 16. 0-0 Qa3 17. Rfb1 Bc5 18. R7b3 Qa5 19. Qe3 0-0 20. Ne2 Ba4 21. R3b2 Bxd4 22. Nxd4 Rc3 23. Qf2 Rc4 24. a3 Qc3 25. Rb4 Rxb4 26. axb4 Rb8 27. f5 Rxb4 28. Rxb4 Qxb4 29. h3 exf5 30. Nxf5 Bd7 31. Nd6 Be6 32. Kh2 Qc3 33. Qe2 a5 34. Kg1 h6 35. Nb5 Qc5+ 36. Kh1 d4 37. Nd6 a4 38. Qe4 Qd5 39. Qd3 Qxe5 40. Nb5 Qe3 41. Qxe3 dxe3 42. Kg1 f5 43. g3 g5 44. Na3 f4 45. h4 f3 0-1

[Event "Prague Summer op 7th"]
[Site "Prague"]
[Date "2020.08.08"]
[Round "1"]
[White "Pozdnjakov, Viatcheslav"]
[Black "Brozka, Karel"]
[Result "1/2-1/2"]
[WhiteElo "2300"]
[BlackElo "1991"]
[PlyCount "89"]
[EventDate "2020.08.08"]
[EventType "swiss"]
[EventRounds "9"]
[EventCountry "CZE"]
[SourceTitle "CBM 197 Extra"]
[Source "ChessBase"]
[SourceDate "2020.09.30"]
[SourceVersion "1"]
[SourceVersionDate "2020.09.30"]
[SourceQuality "1"]

1. d4 Nf6 2. Nf3 g6 3. c4 c5 4. Nc3 cxd4 5. Nxd4 Bg7 6. e4 d6 7. Be2 Nc6 8. Be3 Bd7 9. 0-0 0-0 10. f3 a5 11. Ndb5 b6 12. Rb1 Na7 13. Nd4 Nc6 14. Qd2 Nxd4 15. Bxd4 Bc6 16. Rbd1 Nd7 17. Bxg7 Kxg7 18. f4 Nc5 19. Qe3 Qc7 20. f5 Nd7 21. Rf3 f6 22. Rh3 g5 23. Qf3 Ne5 24. Qh5 Rh8 25. Qh6+ Kg8 26. Bh5 Be8 27. Nd5 Qc5+ 28. Kh1 Bxh5 29. Rxh5 Ra7 30. Nxe7+ Kf7 31. Rxg5 Kxe7 32. Rg7+ Nf7 33. b3 Qe5 34. Qe3 Rb7 35. h3 Kf8 36. Rg4 Rg8 37. Rh4 h6 38. Rf4 Qc5 39. Qc3 Qe5 40. Qe3 Ke7 41. a4 Qc5 42. Qf3 Rbb8 43. Rd5 Qb4 44. Qe3 Qa3 45. Rf2 1/2-1/2

[Event "Asnieres Challenge blitz"]
[Site "Asnieres sur Seine"]
[Date "2017.06.11"]
[Round "15.3"]
[White "Pozdnjakov, Viatcheslav"]
[Black "Gelin, Baptiste"]
[Result "1-0"]
[WhiteElo "2370"]
[BlackElo "1930"]
[PlyCount "57"]
[EventDate "2017.06.10"]
[EventType "swiss (blitz)"]
[EventRounds "15"]
[EventCountry "FRA"]
[SourceTitle "EXT 2024"]
[Source "ChessBase"]
[SourceDate "2023.10.10"]
[SourceVersion "1"]
[SourceVersionDate "2023.10.10"]
[SourceQuality "1"]

1. d4 Nf6 2. Nf3 g6 3. c4 Bg7 4. Nc3 d5 5. Bf4 0-0 6. Rc1 c5 7. dxc5 Qa5 8. cxd5 Rd8 9. Qd2 Qxc5 10. e4 a6 11. Bd3 e6 12. 0-0 Qa5 13. Bg5 h6 14. Bxh6 exd5 15. Bxg7 Kxg7 16. e5 Ne4 17. Qf4 Bf5 18. g4 Nxc3 19. gxf5 Nxa2 20. f6+ Kf8 21. Ra1 Ke8 22. e6 Qb4 23. Nd4 fxe6 24. Bxg6+ Kd7 25. f7 Rf8 26. Rxa2 e5 27. Bf5+ Kc7 28. Qxe5+ Qd6 29. Ne6+ 1-0

[Event "Asnieres Challenge blitz"]
[Site "Asnieres sur Seine"]
[Date "2017.06.11"]
[Round "11.3"]
[White "Pozdnjakov, Viatcheslav"]
[Black "Jardy, Herve"]
[Result "1-0"]
[WhiteElo "2370"]
[BlackElo "1960"]
[PlyCount "93"]
[EventDate "2017.06.10"]
[EventType "swiss (blitz)"]
[EventRounds "15"]
[EventCountry "FRA"]
[SourceTitle "EXT 2024"]
[Source "ChessBase"]
[SourceDate "2023.10.10"]
[SourceVersion "1"]
[SourceVersionDate "2023.10.10"]
[SourceQuality "1"]

1. d4 Nf6 2. Nf3 b6 3. e3 Bb7 4. Bd3 e6 5. 0-0 Be7 6. c4 d6 7. Nc3 c5 8. d5 e5 9. a3 a6 10. e4 0-0 11. b4 Nbd7 12. Rb1 Qc7 13. h3 b5 14. cxb5 cxb4 15. bxa6 Bxa6 16. Bxa6 bxc3 17. Bd3 Nc5 18. Qe2 Nxd3 19. Qxd3 Rfc8 20. Qc2 Bf8 21. Rb3 Qc4 22. Rb4 Qc5 23. Be3 Qc7 24. a4 Nd7 25. Rfb1 Nf6 26. Ne1 Qa5 27. f3 Nd7 28. Nd3 Nf6 29. Bb6 Qa6 30. a5 Rc4 31. Rxc4 Qxc4 32. Rb4 Qc8 33. Rb3 Nd7 34. Rxc3 Qa6 35. Rc6 Nxb6 36. axb6 Qa1+ 37. Kh2 Ra2 38. b7 Rxc2 39. Rxc2 Qb1 40. Rb2 Qxd3 41. b8Q Qe3 42. Qc8 Qf4+ 43. g3 Qxf3 44. Qg4 Qc3 45. Rf2 Qe3 46. Qf3 Qh6 47. Qxf7+ 1-0

[Event "Paris-ch op-A 89th"]
[Site "Paris"]
[Date "2014.07.05"]
[Round "1"]
[White "Pozdnjakov, Viatcheslav"]
[Black "Preschez, Francois"]
[Result "1-0"]
[WhiteElo "2237"]
[BlackElo "1965"]
[PlyCount "109"]
[EventDate "2014.07.05"]
[EventType "swiss"]
[EventRounds "9"]
[EventCountry "FRA"]
[SourceTitle "EXT 2016"]
[Source "ChessBase"]
[SourceDate "2015.10.08"]
[SourceVersion "1"]
[SourceVersionDate "2015.10.08"]
[SourceQuality "1"]

1. d4 Nf6 2. Nf3 g6 3. c4 Bg7 4. Nc3 0-0 5. e4 d6 6. Be2 e5 7. 0-0 Nc6 8. d5 Ne7 9. Ne1 Nd7 10. Be3 f5 11. f3 f4 12. Bf2 g5 13. Nb5 b6 14. b4 a6 15. Na3 h5 16. c5 b5 17. Nac2 Nf6 18. a4 bxa4 19. Rxa4 g4 20. Qa1 Ng6 21. Bxa6 g3 22. hxg3 fxg3 23. Bxg3 h4 24. Bh2 Bh6 25. Bxc8 Rxc8 26. Nd3 Nh5 27. Nf2 Ng3 28. Rd1 Nf4 29. Ng4 Qg5 30. Nce3 Nfe2+ 31. Kf2 Nc3 32. Bxg3 hxg3+ 33. Kxg3 Qf4+ 34. Kf2 Nxe4+ 35. Kg1 Ng3 36. b5 Ne2+ 37. Kf2 Nd4 38. Rh1 Bg5 39. Qb1 Qf7 40. Rh3 Ra8 41. Rxa8 Rxa8 42. cxd6 cxd6 43. Nh6+ Bxh6 44. Rxh6 Ra3 45. Qg6+ Qxg6 46. Rxg6+ Kf7 47. Rxd6 Rxe3 48. Kxe3 Nf5+ 49. Ke4 Nxd6+ 50. Kxe5 Nxb5 51. g4 Nc7 52. g5 Ne8 53. d6 Ng7 54. f4 Ne6 55. g6+ 1-0

[Event "Paris-ch op-B 87th"]
[Site "Paris"]
[Date "2012.07.12"]
[Round "6"]
[White "Pozdnjakov, Viatcheslav"]
[Black "Bouton, Christophe"]
[Result "0-1"]
[WhiteElo "2242"]
[BlackElo "2092"]
[PlyCount "56"]
[EventDate "2012.07.07"]
[EventType "swiss"]
[EventRounds "9"]
[EventCountry "FRA"]
[SourceTitle "EXT 2013"]
[Source "ChessBase"]
[SourceDate "2012.11.22"]
[SourceVersion "1"]
[SourceVersionDate "2012.11.22"]
[SourceQuality "1"]

1. d4 Nf6 2. Nf3 e6 3. Nbd2 c5 4. c3 b6 5. e4 cxd4 6. cxd4 Bb4 7. Bd3 Ba6 8. Bxa6 Nxa6 9. Qe2 Nb8 10. 0-0 0-0 11. a3 Be7 12. b4 Nc6 13. Rd1 d5 14. e5 Nh5 15. Nb3 g6 16. Rd3 Re8 17. g4 Ng7 18. Bh6 Rc8 19. Rc1 Qd7 20. Ng5 f6 21. exf6 Bxf6 22. b5 Nxd4 23. Qd1 Rxc1 24. Nxc1 Rc8 25. Nb3 Nxb3 26. Qxb3 Qc7 27. Nxe6 Nxe6 28. Qxd5 Qc4 0-1

[Event "FRA-chT2 1011"]
[Site "France"]
[Date "2010.11.14"]
[Round "3.3"]
[White "Pozdnjakov, Viatcheslav"]
[Black "Peter, Sebastien"]
[Result "1-0"]
[WhiteElo "2235"]
[BlackElo "2221"]
[PlyCount "52"]
[EventDate "2010.10.17"]
[EventType "team-tourn"]
[EventRounds "11"]
[EventCountry "FRA"]
[SourceTitle "EXT 2012"]
[Source "ChessBase"]
[SourceDate "2011.11.24"]
[SourceVersion "1"]
[SourceVersionDate "2011.11.24"]
[SourceQuality "1"]

1. d4 e6 2. Nf3 Nf6 3. e3 b6 4. Bd3 Bb7 5. Nbd2 c5 6. c3 Be7 7. e4 cxd4 8. cxd4 0-0 9. 0-0 Nc6 10. a3 d6 11. b4 a6 12. Bb2 Nh5 13. g3 g6 14. Qe2 Re8 15. Rfc1 Bf8 16. Rc2 b5 17. Qf1 Rc8 18. Nb3 f5 19. d5 fxe4 20. Bxe4 Ne7 21. Rxc8 Qxc8 22. Rc1 Qa8 23. Qd3 Bxd5 24. Nbd2 Rc8 25. Re1 Bg7 26. Bd4 Nf6 1-0

[Event "FRA-chT2 1011"]
[Site "France"]
[Date "2010.11.13"]
[Round "2.3"]
[White "Pozdnjakov, Viatcheslav"]
[Black "Reichstein, Hans Joerg"]
[Result "1-0"]
[WhiteElo "2235"]
[BlackElo "2105"]
[PlyCount "71"]
[EventDate "2010.10.17"]
[EventType "team-tourn"]
[EventRounds "11"]
[EventCountry "FRA"]
[SourceTitle "EXT 2012"]
[Source "ChessBase"]
[SourceDate "2011.11.24"]
[SourceVersion "1"]
[SourceVersionDate "2011.11.24"]
[SourceQuality "1"]

1. d4 Nf6 2. Nf3 e6 3. e3 b6 4. Bd3 Bb7 5. Nbd2 c5 6. b3 cxd4 7. exd4 Nc6 8. a3 Be7 9. 0-0 0-0 10. Re1 Qc7 11. Bb2 Rac8 12. Ng5 d5 13. Ndf3 h6 14. Nh3 Bd6 15. Ne5 Ne4 16. f3 Bxe5 17. dxe5 Nc5 18. Bf1 Ba6 19. Bxa6 Nxa6 20. Nf4 Nc5 21. Nh5 Qe7 22. f4 Kh7 23. Qg4 Rg8 24. Re3 Ne4 25. Rae1 f5 26. exf6 gxf6 27. Qh4 f5 28. Nf6+ Nxf6 29. Bxf6 Qc5 30. b4 Qxc2 31. Bg5 Rg6 32. Rxe6 Rcg8 33. b5 Qc5+ 34. Kh1 Qxb5 35. Bxh6 Rxe6 36. Bf8+ 1-0

[Event "Paris-ch op-A"]
[Site "Paris"]
[Date "2010.07.06"]
[Round "4"]
[White "Pozdnjakov, Viatcheslav"]
[Black "Legrand, Stephane"]
[Result "1/2-1/2"]
[WhiteElo "2208"]
[BlackElo "2129"]
[PlyCount "64"]
[EventDate "2010.07.03"]
[EventType "swiss"]
[EventRounds "9"]
[EventCountry "FRA"]
[SourceTitle "CBM 137 Extra"]
[Source "ChessBase"]
[SourceDate "2010.09.01"]
[SourceVersion "1"]
[SourceVersionDate "2010.09.01"]
[SourceQuality "1"]

1. d4 d5 2. Nf3 e6 3. Nbd2 f5 4. g3 Nf6 5. Bg2 Bd6 6. b3 0-0 7. Bb2 c6 8. Ne5 Nbd7 9. Nd3 Qe8 10. Nf3 b6 11. Nfe5 Bb7 12. 0-0 Rc8 13. c4 c5 14. e3 Ne4 15. f3 Nef6 16. Re1 Qe7 17. Rc1 Rfd8 18. Qe2 Ba6 19. Nxd7 Rxd7 20. dxc5 Bxc5 21. Nxc5 Qxc5 22. Bxf6 gxf6 23. Qb2 Qe7 24. cxd5 Rxc1 25. Rxc1 Rxd5 26. f4 Rd7 27. Qc2 Qd8 28. b4 Rd2 29. Qa4 Rxg2+ 30. Kxg2 Qd2+ 31. Kh3 Qxc1 32. Qxa6 Qc7 1/2-1/2

[Event "FRA-chT2 0910"]
[Site "France"]
[Date "2010.01.24"]
[Round "7.5"]
[White "Pozdnjakov, Viatcheslav"]
[Black "Silva, Francis"]
[Result "1-0"]
[WhiteElo "2207"]
[BlackElo "2054"]
[PlyCount "53"]
[EventDate "2009.09.27"]
[EventType "team-tourn"]
[EventRounds "11"]
[EventCountry "FRA"]
[SourceTitle "EXT 2011"]
[Source "ChessBase"]
[SourceDate "2010.11.26"]
[SourceVersion "1"]
[SourceVersionDate "2010.11.26"]
[SourceQuality "1"]

1. d4 d5 2. Nf3 e6 3. Nbd2 f5 4. g3 Nf6 5. Bg2 Bd6 6. 0-0 0-0 7. b3 Ne4 8. c4 c6 9. Bb2 Rf6 10. Ne5 Rh6 11. f3 Ng5 12. e4 Nd7 13. exf5 exf5 14. h4 Ne6 15. f4 Nf6 16. Qc2 Bxe5 17. fxe5 Ne4 18. Nxe4 dxe4 19. Qf2 Nf8 20. Rad1 Qe8 21. d5 g5 22. e6 Nxe6 23. dxe6 Bxe6 24. Qd4 Qg6 25. Qh8+ Kf7 26. Qxa8 gxh4 27. Qxb7+ 1-0

[Event "FRA-chT2 0910"]
[Site "France"]
[Date "2009.12.12"]
[Round "5.1"]
[White "Pozdnjakov, Viatcheslav"]
[Black "Roeder, Mathias"]
[Result "0-1"]
[WhiteElo "2220"]
[BlackElo "2387"]
[PlyCount "58"]
[EventDate "2009.09.27"]
[EventType "team-tourn"]
[EventRounds "11"]
[EventCountry "FRA"]
[SourceTitle "EXT 2011"]
[Source "ChessBase"]
[SourceDate "2010.11.26"]
[SourceVersion "1"]
[SourceVersionDate "2010.11.26"]
[SourceQuality "1"]

1. d4 Nf6 2. Nf3 e6 3. e3 b6 4. Bd3 Bb7 5. Nbd2 c5 6. 0-0 Nc6 7. a3 g6 8. b3 cxd4 9. exd4 Bg7 10. Nc4 Qc7 11. a4 Rd8 12. Ba3 d6 13. Qd2 0-0 14. Rae1 Rfe8 15. Qg5 Ne7 16. Qf4 Nh5 17. Bxd6 Nxf4 18. Bxc7 Nxd3 19. cxd3 Rd7 20. Nd6 Ra8 21. Nxb7 Rxc7 22. Nd6 Rd7 23. Ne4 Bxd4 24. Rc1 Bg7 25. Rfd1 h6 26. Kf1 Rad8 27. Ke2 Nd5 28. Ne1 f5 29. Ng3 Nc3+ 0-1

[Event "FRA-chT2 0910"]
[Site "France"]
[Date "2009.10.04"]
[Round "1.2"]
[White "Bekkat, Azzedine"]
[Black "Pozdnjakov, Viatcheslav"]
[Result "0-1"]
[WhiteElo "2168"]
[BlackElo "2215"]
[PlyCount "88"]
[EventDate "2009.09.27"]
[EventType "team-tourn"]
[EventRounds "11"]
[EventCountry "FRA"]
[SourceTitle "EXT 2011"]
[Source "ChessBase"]
[SourceDate "2010.11.26"]
[SourceVersion "1"]
[SourceVersionDate "2010.11.26"]
[SourceQuality "1"]

1. d4 d5 2. c4 c6 3. cxd5 cxd5 4. Nc3 Nf6 5. Nf3 Nc6 6. Bf4 a6 7. e3 Bf5 8. Rc1 Rc8 9. Bd3 Bxd3 10. Qxd3 e6 11. 0-0 Be7 12. Na4 Nd7 13. Rfd1 0-0 14. Rd2 Nb4 15. Rxc8 Qxc8 16. Qb3 b5 17. Nc3 Nb6 18. a3 Nc6 19. Nd1 Na5 20. Qd3 Qc4 21. Ne5 Qxd3 22. Rxd3 f6 23. Nf3 Rc8 24. Rc3 Rxc3 25. Nxc3 Nbc4 26. Nd1 Kf7 27. Kf1 Nb3 28. Bc7 a5 29. Ne1 Ke8 30. Nd3 Kd7 31. Bg3 a4 32. Ke2 b4 33. axb4 Nxb2 34. Nc3 a3 35. Na2 Kc6 36. Nc5 Bxc5 37. bxc5 e5 38. Nb4+ Kb5 39. c6 Kxb4 40. c7 a2 41. c8Q a1Q 42. Qb7+ Kc3 43. Qc6+ Nc4 44. dxe5 Nbd2 0-1

[Event "Paris Apsap op 102nd"]
[Site "Paris"]
[Date "2008.07.30"]
[Round "5"]
[White "Pozdnjakov, Viatcheslav"]
[Black "Veron, Cyprien"]
[Result "1/2-1/2"]
[WhiteElo "2226"]
[BlackElo "2098"]
[PlyCount "48"]
[EventDate "2008.07.26"]
[EventType "swiss"]
[EventRounds "9"]
[EventCountry "FRA"]
[SourceTitle "EXT 2010"]
[Source "ChessBase"]
[SourceDate "2010.11.25"]
[SourceVersion "1"]
[SourceVersionDate "2010.11.25"]
[SourceQuality "1"]

1. d4 d5 2. Nf3 Nf6 3. e3 e6 4. Bd3 Be7 5. Nbd2 c5 6. b3 0-0 7. Bb2 Nc6 8. 0-0 b6 9. Ne5 Nb4 10. Be2 Ba6 11. c4 Rc8 12. f4 Nd7 13. a3 Nc6 14. Bd3 Ndxe5 15. dxe5 g6 16. Qe2 Rc7 17. Rad1 Rd7 18. g4 Qc7 19. Nf3 Rfd8 20. f5 dxc4 21. bxc4 Na5 22. fxe6 fxe6 23. Rfe1 Kg7 24. Qc2 Bxc4 1/2-1/2

[Event "Paris-ch"]
[Site "Paris"]
[Date "2006.07.12"]
[Round "7"]
[White "L'Henoret, Thierry"]
[Black "Pozdnjakov, Viatcheslav"]
[Result "0-1"]
[WhiteElo "2118"]
[BlackElo "2192"]
[PlyCount "98"]
[EventDate "2006.07.08"]
[EventType "swiss"]
[EventRounds "9"]
[EventCountry "FRA"]
[SourceTitle "EXT 2007"]
[Source "ChessBase"]
[SourceDate "2006.11.23"]
[SourceVersion "1"]
[SourceVersionDate "2006.11.23"]
[SourceQuality "1"]

1. d4 d5 2. Nf3 c6 3. e3 Nf6 4. Bd3 Bg4 5. Nbd2 Nbd7 6. 0-0 e5 7. dxe5 Nxe5 8. Be2 Ned7 9. c4 Be7 10. b3 0-0 11. Bb2 a5 12. a3 Qc7 13. Nd4 Bxe2 14. Qxe2 Rfe8 15. Nf5 Bf8 16. Rac1 dxc4 17. Nxc4 g6 18. Nd4 Bg7 19. Rfd1 Nb6 20. Nxb6 Qxb6 21. Rd3 Rad8 22. Rcd1 Ne4 23. b4 axb4 24. axb4 Ra8 25. f3 Nf6 26. Bc3 Nd5 27. Qd2 Ra3 28. Kf2 Nxc3 29. Rxc3 Qxb4 30. Rxa3 Qxa3 31. Rb1 Qe7 32. Rb3 Qh4+ 33. Kg1 Bxd4 34. g3 Bxe3+ 35. Rxe3 Qd8 36. Rxe8+ Qxe8 37. f4 Qe7 38. g4 b5 39. f5 Kg7 40. Qc3+ Qf6 41. Qc5 h5 42. h3 hxg4 43. hxg4 gxf5 44. gxf5 Kh6 45. Kh2 Qh4+ 46. Kg2 Qe4+ 47. Kh2 Kg5 48. Kg3 f6 49. Kh2 Qe5+ 0-1

[Event "Paris-ch"]
[Site "Paris"]
[Date "2006.07.12"]
[Round "6"]
[White "Pozdnjakov, Viatcheslav"]
[Black "Gouanelle, Franck"]
[Result "1/2-1/2"]
[WhiteElo "2192"]
[BlackElo "2121"]
[PlyCount "114"]
[EventDate "2006.07.08"]
[EventType "swiss"]
[EventRounds "9"]
[EventCountry "FRA"]
[SourceTitle "EXT 2007"]
[Source "ChessBase"]
[SourceDate "2006.11.23"]
[SourceVersion "1"]
[SourceVersionDate "2006.11.23"]
[SourceQuality "1"]

1. d4 g6 2. Nf3 Bg7 3. c4 d6 4. e4 e5 5. Nc3 Bg4 6. d5 h5 7. Be2 Bh6 8. Nd2 Bxe2 9. Qxe2 Nd7 10. b4 a5 11. Ba3 Ngf6 12. Nb3 axb4 13. Bxb4 Qe7 14. Nb5 Nc5 15. Bxc5 dxc5 16. a4 0-0 17. 0-0 Rfc8 18. Rfd1 Ne8 19. a5 Ra6 20. Nc3 Rca8 21. Ra2 Nf6 22. Rda1 Bf8 23. Nc1 Nd7 24. Nd3 Qg5 25. Qb2 Rb8 26. h3 Bd6 27. Qc1 Qh4 28. Qe1 Kg7 29. Rb1 Qd8 30. Kh2 Qc8 31. Qd2 Rba8 32. Nb5 Rb8 33. Re1 Qe8 34. Qc3 f6 35. g3 h4 36. Rg1 Qh8 37. f3 Kf7 38. gxh4 Qxh4 39. Rg4 Qh6 40. Qc1 Qxc1 41. Nxc1 Rba8 42. Nb3 Rh8 43. Rag2 Rh6 44. Kg3 f5 45. exf5 gxf5 46. Rg5 Be7 47. h4 Bxg5 48. hxg5 Rhg6 49. f4 Nf6 50. fxe5 Rxg5+ 51. Kf3 Rxg2 52. Kxg2 Ne8 53. Kf3 c6 54. Nxc5 Ra8 55. Nd6+ Nxd6 56. exd6 cxd5 57. cxd5 Rxa5 1/2-1/2

[Event "Paris-ch op-B"]
[Site "Paris"]
[Date "2005.07.16"]
[Round "8"]
[White "Pozdnjakov, Viatcheslav"]
[Black "Toulzac, Pierre Yves"]
[Result "1/2-1/2"]
[WhiteElo "2137"]
[BlackElo "2274"]
[PlyCount "93"]
[EventDate "2005.07.09"]
[EventType "swiss"]
[EventRounds "9"]
[EventCountry "FRA"]
[SourceTitle "EXT 2006"]
[Source "ChessBase"]
[SourceDate "2005.11.24"]
[SourceVersion "1"]
[SourceVersionDate "2005.11.24"]
[SourceQuality "1"]

1. d4 f5 2. g3 Nf6 3. Bg2 g6 4. Nf3 Bg7 5. 0-0 0-0 6. c4 d6 7. Nc3 Qe8 8. d5 a5 9. Be3 Bd7 10. h3 h6 11. Bd4 Na6 12. Re1 c5 13. Bxf6 exf6 14. e4 fxe4 15. Rxe4 Qf7 16. Qd2 f5 17. Re2 g5 18. Rae1 Rfe8 19. Nb5 Rxe2 20. Rxe2 Qf8 21. Qxa5 Nb4 22. Qb6 Rxa2 23. Qxb7 Bxb5 24. Qxb5 Kh7 25. Qd7 Nd3 26. Re6 Rxb2 27. Rxd6 Nxf2 28. Qe6 Ne4 29. Qg6+ Kh8 30. Re6 Nxg3 31. Re8 Ne2+ 32. Kh2 Nf4 33. Rxf8+ Bxf8 34. Qxf5 Bg7 35. Qc8+ Kh7 36. Qf5+ Kg8 37. Qg4 Rxg2+ 38. Qxg2 Nxg2 39. Kxg2 Bc3 40. Kf2 Kf7 41. Ke3 Kf6 42. Kd3 Ba5 43. Ke4 Bc7 44. Ne1 h5 45. Nd3 Bd6 46. Nf2 Bg3 47. Nd3 1/2-1/2

[Event "Paris-ch opA"]
[Site "Paris"]
[Date "2004.07.05"]
[Round "3"]
[White "Jablonski, Noham"]
[Black "Pozdnjakov, Viatcheslav"]
[Result "1-0"]
[WhiteElo "2249"]
[BlackElo "2087"]
[PlyCount "51"]
[EventDate "2004.07.03"]
[EventType "swiss"]
[EventRounds "9"]
[EventCountry "FRA"]
[SourceTitle "EXT 2005"]
[Source "ChessBase"]
[SourceDate "2004.11.15"]
[SourceVersion "1"]
[SourceVersionDate "2004.11.15"]
[SourceQuality "1"]

1. e4 e6 2. Qe2 c5 3. Nf3 Nc6 4. g3 Be7 5. Bg2 d6 6. 0-0 a6 7. c3 Bf6 8. d3 Bd7 9. Be3 g5 10. Nbd2 Qe7 11. Nc4 h5 12. Rad1 g4 13. Ne1 Ne5 14. Nb6 Rd8 15. Nxd7 Nxd7 16. d4 Bg5 17. f4 gxf3 18. Nxf3 Bxe3+ 19. Qxe3 Ngf6 20. e5 Ng4 21. Qf4 Nb6 22. exd6 Qxd6 23. Ne5 Nh6 24. Bxb7 Nf5 25. Bc6+ Kf8 26. d5 1-0

[Event "FRA-chT3"]
[Site "Maisons Alfort"]
[Date "2001.11.04"]
[Round "1.2"]
[White "Pozdnjakov, Viatcheslav"]
[Black "Gaston, Serge"]
[Result "0-1"]
[WhiteElo "2020"]
[BlackElo "2233"]
[PlyCount "64"]
[EventDate "2001.03.31"]
[EventType "team"]
[EventRounds "9"]
[EventCountry "FRA"]
[SourceTitle "EXT 2003"]
[Source "ChessBase"]
[SourceDate "2002.11.25"]
[SourceVersion "1"]
[SourceVersionDate "2002.11.25"]
[SourceQuality "1"]

1. d4 d5 2. Nf3 Nf6 3. e3 Bf5 4. c4 c6 5. cxd5 cxd5 6. Qb3 Qc7 7. Nc3 e6 8. Bd2 Nc6 9. Rc1 Be7 10. Nh4 Bg6 11. Nf3 0-0 12. Ne5 Rac8 13. Nxg6 hxg6 14. Be2 Na5 15. Qa4 Qb6 16. b3 Nc6 17. Qb5 Qc7 18. Qd3 a6 19. 0-0 Ba3 20. Rcd1 Bb4 21. f3 e5 22. Na4 e4 23. Qc2 Bd6 24. Kh1 Bxh2 25. f4 Bg3 26. Rc1 Qe7 27. Qc5 Qd8 28. Qb6 Qe7 29. Qc5 Qd8 30. Qb6 Rc7 31. Qa5 Nh5 32. Bg4 Nxa5 0-1